000 00616nam a2200181Ia 4500
008 100920s9999 xx 000 0 und d
082 _b79077
_a520 न 01
100 _aकुकडे सुमती/बडवे पुर्णिमा.
245 _aचाळिशीतला आहार.
260 _bदिलीपराज प्रकाशन, पुणे.
_c2001
300 _a48
_bसाधी
365 _b35
520 _aशाअ.
630 _aचाळिशीतला आहार.
650 _aशाअ.
730 _aचाळिशीतला आहार.
942 _cBOOK
999 _c720183
_d720180